Statistics for Jurassic Park Movie Picture Quiz

Click here to take the quiz!

General Stats

  • This quiz has been taken 138 times
  • The average score is 14 of 20

Answer Stats

Answer% Correct
Dr. Alan Grant
88%
Dr. Ian Malcolm
87%
Tyrannosaurus rex
87%
Clever {girl}!
83%
Mr. {DNA}
83%
Velociraptor
83%
Dr. Ellie Sattler
79%
John Hammond
78%
Steven Spielberg
77%
Amber
76%
Isla {Nublar}
72%
Dr. Henry Wu
71%
Dennis Nedry
70%
Timothy "Tim" Murphy
69%
John Williams
66%
Alexis "Lex" Murphy
65%
Dilophosaurus
61%
Donald Gennaro
50%
Robert Muldoon
50%
What've they got in there, {King} {Kong}?
46%

Score Distribution

Percentile by Number Answered

Percent of People with Each Score

Your Score History

You have not taken this quiz